000 00932nam a22001937a 4500
003 OSt
005 20260508084357.0
008 260508b |||||||| |||| 00| 0 eng d
040 _aDWCL GS lib
_cOC
082 _aFic. K26s 1976
100 _aKeene, Carolyn
245 _anancy drew mystery stories 53:
_bthe sky phantom
_cCarolyn Keene
260 _aNew York
_bGrosset & Dunlap
_cc1976
300 _a180
_billustrations
_c20cm
520 _aThe Sky Phantom (1975) is the 53rd Nancy Drew mystery, following Nancy, Bess, and George to a Midwestern ranch where she investigates a hijacked plane and a stolen prize horse, Major. While taking flying lessons, Nancy uncovers a plot involving local revolutionaries using the horse to transport stolen goods, all hidden near a strange magnetic cloud.
546 _aEnglish
700 _aCarolyn Keene
942 _2ddc
_cFIC.
_hFic. K26s 1976
_n0
999 _c10330
_d10330